Espejo de príncipes y caballeros (Record no. 4288)

MARC details
000 -CABECERA
campo de control de longitud fija 00883nam a2200265 a 4500
001 - NÚMERO DE CONTROL
campo de control BRCA_4583
005 - FECHA Y HORA DE LA ÚLTIMA TRANSACCIÓN
campo de control 20190320204726.0
008 - DATOS DE LONGITUD FIJA--INFORMACIÓN GENERAL
campo de control de longitud fija 031114s2003####sp-#######---#000-0#spa-#
020 ## - NÚMERO INTERNACIONAL ESTÁNDAR DEL LIBRO
Número Internacional Estándar del Libro 848833379X
041 ## - CÓDIGO DE LENGUA
Código de lengua del texto/banda sonora o título independiente spa
044 ## - CÓDIGO DEL PAÍS DE LA ENTIDAD EDITORA/PRODUCTORA
Código MARC del país sp
050 #4 - SIGNATURA TOPOGRÁFICA DE LA BIBLIOTECA DEL CONGRESO
Número de clasificación PQ6433
Número de documento/Ítem .S54 2003
100 1# - ENTRADA PRINCIPAL--NOMBRE DE PERSONA
Nombre de persona Sierra, Pedro de la
9 (RLIN) 11586
245 10 - MENCIÓN DE TÍTULO
Título Espejo de príncipes y caballeros
Resto del título (segunda parte)
Mención de responsabilidad, etc. Pedro de la Sierra ; edición de José Julio Martín Romero.
260 ## - PUBLICACIÓN, DISTRIBUCIÓN, ETC.
Lugar de publicación, distribución, etc. Alcalá de Henares [España]
Nombre del editor, distribuidor, etc. Centro de Estudios Cervantinos
Fecha de publicación, distribución, etc. 2003.
300 ## - DESCRIPCIÓN FÍSICA
Extensión xxvi, 296 p.
Dimensiones 24 cm.
440 #0 - MENCIÓN DE SERIE/PUNTO DE ACCESO ADICIONAL--TÍTULO
Título Los libros de Rocinante
Designación de volumen o secuencia 15
9 (RLIN) 11587
500 ## - NOTA GENERAL
Nota general Incluye tabla de capítulos
504 ## - NOTA DE BIBLIOGRAFÍA, ETC.
Nota de bibliografía, etc. Bibliografía: p. xxvi
600 14 - PUNTO DE ACCESO ADICIONAL DE MATERIA--NOMBRE DE PERSONA
Nombre de persona Ortúñez de Calahorra, Diego
9 (RLIN) 11588
650 14 - PUNTO DE ACCESO ADICIONAL DE MATERIA--TÉRMINO DE MATERIA
Término de materia o nombre geográfico como elemento de entrada Literatura
Subdivisión geográfica España
9 (RLIN) 11589
700 1# - PUNTO DE ACCESO ADICIONAL--NOMBRE DE PERSONA
Nombre de persona Martín Romero, José Julio
Término indicativo de función/relación Editor
9 (RLIN) 11590
902 ## - CATALOGADOR
Iniciales CERV
942 ## - ELEMENTOS DE PUNTO DE ACCESO ADICIONAL (KOHA)
Fuente del sistema de clasificación o colocación Library of Congress Classification
Tipo de ítem Koha Libros
Holdings
Estado de retiro Estado de pérdida Estado dañado No para préstamo Localización permanente Ubicación/localización actual Fecha de adquisición Total de préstamos Signatura topográfica completa Código de barras Fecha visto por última vez Precio válido a partir de Tipo de ítem Koha
El ejemplar forma parte de la colección y puede ser consultado según las políticas vigentes.       Biblioteca del Museo Franz Mayer (Rogerio Casas-Alatriste) Biblioteca del Museo Franz Mayer (Rogerio Casas-Alatriste) 24/09/2010   PQ6433 .S54 2003 CERV00025 22/03/2019 22/03/2019 Libros